MARC details
| 000 -CABECERA |
| campo de control de longitud fija |
01151nam a2200265 a 4500 |
| 001 - NÚMERO DE CONTROL |
| campo de control |
000024969 |
| 005 - FECHA Y HORA DE LA ÚLTIMA TRANSACCIÓN |
| campo de control |
20200930023500.0 |
| 008 - DATOS DE LONGITUD FIJA--INFORMACIÓN GENERAL |
| campo de control de longitud fija |
110208s2003 sp r 001 0 spa d |
| 020 ## - NÚMERO INTERNACIONAL ESTÁNDAR DEL LIBRO |
| Número Internacional Estándar del Libro |
8484831876 |
| 040 ## - FUENTE DE LA CATALOGACIÓN |
| Centro catalogador/agencia de origen |
DO-SdBNP |
| Lengua de catalogación |
spa |
| Centro/agencia transcriptor |
BNPHU |
| 082 ## - NÚMERO DE LA CLASIFICACIÓN DECIMAL DEWEY |
| Número de clasificación |
xxxxx |
| Número de documento/Ítem |
xxx |
| 100 1# - ENTRADA PRINCIPAL--NOMBRE DE PERSONA |
| Nombre de persona |
Gómez Miedes, Bernardino |
| 9 (RLIN) |
51238 |
| 245 10 - MENCIÓN DE TÍTULO |
| Título |
Comentarios sobre la sal / |
| Mención de responsabilidad, etc. |
Bernardino Gómez Miedes ; introducción, edición, crítica, traducción anotada, índización Sandra Inés ramos Maldonado ; prólogo Antonio Malpica Cuello. |
| 260 ## - PUBLICACIÓN, DISTRIBUCIÓN, ETC. |
| Lugar de publicación, distribución, etc. |
Madrid : |
| Nombre del editor, distribuidor, etc. |
Instituto de Estudios Hvmanisticos, |
| Fecha de publicación, distribución, etc. |
2003. |
| 300 ## - DESCRIPCIÓN FÍSICA |
| Extensión |
v. ; |
| Dimensiones |
24 cm. |
| 490 1# - MENCIÓN DE SERIE |
| Mención de serie |
Textos y estudios humanísticos |
| -- |
Textos |
| -- |
8 |
| 500 ## - NOTA GENERAL |
| Nota general |
Incluye índice |
| 500 ## - NOTA GENERAL |
| Nota general |
Incluye referencia biográfica del autor en la solapa de la cubierta. |
| 500 ## - NOTA GENERAL |
| Nota general |
La biblioteca posee los v. 1-3 |
| 504 ## - NOTA DE BIBLIOGRAFÍA, ETC. |
| Nota de bibliografía, etc. |
Incluye referencias bibliográficas y notas al pie de las páginas. |
| 700 1# - PUNTO DE ACCESO ADICIONAL--NOMBRE DE PERSONA |
| Nombre de persona |
Ramos Maldonado, Sandra Inés, |
| Término indicativo de función/relación |
tr. |
| 9 (RLIN) |
51239 |
| 700 1# - PUNTO DE ACCESO ADICIONAL--NOMBRE DE PERSONA |
| Nombre de persona |
Malpica Cuello, Antonio, |
| Término indicativo de función/relación |
pról. |
| 9 (RLIN) |
51240 |
| 710 2# - PUNTO DE ACCESO ADICIONAL--NOMBRE DE ENTIDAD CORPORATIVA |
| Nombre de entidad corporativa o nombre de jurisdicción como elemento de entrada |
Instituto de Estudios Humanísticos. |
| 9 (RLIN) |
51235 |
| 830 #0 - PUNTO DE ACCESO ADICIONAL DE SERIE-TÍTULO UNIFORME |
| Título uniforme |
Textos y estudios humanísticos. |
| Nombre de parte o sección de la obra |
Textos |
| Número de parte o sección de la obra |
8 |
| 9 (RLIN) |
51241 |